Mathematics for management and economics / (Record no. 14222)
[ view plain ]
| 000 -LEADER | |
|---|---|
| fixed length control field | 00802nam a22002297a 4500 |
| 001 - CONTROL NUMBER | |
| control field | 14222 |
| 003 - CONTROL NUMBER IDENTIFIER | |
| rucl marc code | BD-RjUL |
| 005 - DATE AND TIME OF LATEST TRANSACTION | |
| control field | 20211208235606.0 |
| 008 - FIXED-LENGTH DATA ELEMENTS--GENERAL INFORMATION | |
| fixed length control field | 140205r19961995ii a|||| b||| 001 0 eng d |
| 035 ## - SYSTEM CONTROL NUMBER | |
| System control number | (BD-RjUL)14274 |
| -- | (OCoLC)48497473 |
| 040 ## - CATALOGING SOURCE | |
| Original cataloging agency | BD-RjUL |
| Language of cataloging | eng |
| Transcribing agency | BD-RjUL |
| 041 ## - LANGUAGE CODE | |
| Language code of text/sound track or separate title | eng |
| 082 04 - DEWEY DECIMAL CLASSIFICATION NUMBER | |
| Edition number | 21 |
| Classification number | 650.01513 |
| Author mark and year | MOM 1996 |
| 100 1# - MAIN ENTRY--PERSONAL NAME | |
| Personal name | Monga, G S |
| 9 (RLIN) | 44422 |
| 245 1# - TITLE STATEMENT | |
| Title | Mathematics for management and economics / |
| Statement of responsibility, etc. | G. S. Monga |
| 260 ## - PUBLICATION, DISTRIBUTION, ETC. (IMPRINT) | |
| Place of publication, distribution, etc. | New Delhi : |
| Name of publisher, distributor, etc. | Vikas Pub. House, |
| Date of publication, distribution, etc. | ©1995 [Reprinted 1996]. |
| 300 ## - PHYSICAL DESCRIPTION | |
| Pagination | xiv, 757 p. : |
| Illustrations | ill. ; |
| Size | 24 cm. |
| 504 ## - BIBLIOGRAPHY, ETC. NOTE | |
| Bibliography, etc | Include bibliography and index. |
| 650 ## - SUBJECT ADDED ENTRY--TOPICAL TERM | |
| Topical term or geographic name as entry element | Business mathematics. |
| 9 (RLIN) | 44423 |
| 856 ## - ELECTRONIC LOCATION AND ACCESS | |
| Materials specified | WorldCat |
| Uniform Resource Identifier | <a href="http://www.worldcat.org/title/mathematics-for-management-and-economics/oclc/48497473&referer=brief_results">http://www.worldcat.org/title/mathematics-for-management-and-economics/oclc/48497473&referer=brief_results</a> |
| 942 ## - ADDED ENTRY ELEMENTS (KOHA) | |
| Source of classification or shelving scheme | Dewey Decimal Classification |
| Koha item type | Books |
| Lost status | Source of classification or shelving scheme | Damaged status | Not for loan | Collection code | Permanent Location | Current Location | Shelving location | Date acquired | Source of acquisition | Cost, normal purchase price | Total Checkouts | Full call number | Date last seen | Copy number | Koha item type |
|---|---|---|---|---|---|---|---|---|---|---|---|---|---|---|---|
| Dewey Decimal Classification | Non-fiction | Central Library, University of Rajshahi | Central Library, University of Rajshahi | 04/04/2000 | Lucky Syndicate, Dhaka | 195.00 | 650.01513 MOM 1995 | 05/02/2014 | C-6 | Books | |||||
| Dewey Decimal Classification | Non-fiction | Central Library, University of Rajshahi | Central Library, University of Rajshahi | 29/06/1997 | world agency | 235.95 | 650.01513 MOM 1996 | 11/02/2014 | C-5 | Books | |||||
| Dewey Decimal Classification | Non-fiction | Central Library, University of Rajshahi | Central Library, University of Rajshahi | 29/06/1997 | World agencies | 235.95 | 650.01513 MOM 1996 | 16/02/2014 | C-4 | Books | |||||
| Dewey Decimal Classification | Non-fiction | Central Library, University of Rajshahi | Central Library, University of Rajshahi | 29/09/1997 | World Agency, Dhaka | 235.95 | 650.01513 MOM 1996 | 31/07/2019 | C-2 | Books | |||||
| Dewey Decimal Classification | Not For Loan | Non-fiction | Central Library, University of Rajshahi | Central Library, University of Rajshahi | Reading Room | 29/09/1997 | World Agency, Dhaka | 235.95 | 650.01513 MOM 1996 | 31/07/2019 | C-1 | Books |